00311nam a2200085Ia 4500008004100000100001700041245006500058500007500123650002700198181011s9999 xx 000 0 und d aFrank Jurgen 2aA Visitor's reflections on HMI''s ministry of Reconciliation aThe Bulletin of Henry Martyn school of Islamic Studies Jan -June 1993 aHenry Martyn Institute